000 00613nam a22002297a 4500
003 UA-OsUOA
001 96374
007 ta
008 20130319b un ||||| |||| 00| 0 ukr d
100 _aМаковецкий В.
090 _a821.161.1
_bМ16
942 _cBK
040 _aUA-OsUOA
_brus
_cUA-OsUOA
_dUA-OsUOA
245 _aКерченские рассказы
300 _a176 с.
955 _a3
041 _arus
080 _a821.161.1
260 _aСимферополь
_bТаврия
_c1988
650 7 _a82 Література. Літературознавство
_2UDC
999 _c382631
_d382631